000 00857nam a2200229 i 4500
001 46551
003 ES-MaACL
005 20250807065800.0
007 t|
008 030409s1857 sp ||||1| spa d
245 0 0 _aBiblioteca de instrucción y recreo para los jóvenes de ambos sexos /
_cbajo la dirección de Salvador Costanzo.
260 _aMadrid :
_bManuel María Valdés,
_c1857.
300 _aXII, 315 p. ;
_c15 cm.
505 8 _aContiene: Disertación sobre la nobleza y sublimes dotes del bello sexo (p. 253-290) . Catálogo de mujeres españolas ilustres en letras y armas (p. 291-315)
650 7 _aMujeres
_2embne
_915251
650 4 _aEspañolas.
_9174876
650 7 _aEscritoras españolas
_9239646
_2embne
700 1 _aCostanzo, Salvador.
_941130
852 4 _aES-MaACL
_jT-3-F-2
942 _2udc
999 _c46551
_d46551